Word Ladder: Races of Middle-earth Quiz Stats

 Plays Quiz Updated Jul 18, 2019

Score 0/30 Timer 02:30
1 Play Today
Clue 3-Letter Word % Correct
Jump on one footHOP
97.6%
Floor cleanerMOP
96.2%
Participated in a marathonRAN
95.1%
Male sheepRAM
95%
Point at a targetAIM
94.1%
Hiking guideMAP
93.5%
That maleHIM
93.5%
'Not all those who wander ____ lost'ARE
93.2%
Sleeve fillerARM
92.7%
◉ Mortal who, above all else, desires power ◉
Aragorn or Boromir, e.g.
◉MAN◉
92.6%
Pork cutHAM
92.1%
Sweet, full-bodied beerALE
92.1%
Not feeling wellILL
90.4%
Curved lineARC
89.7%
More than manyALL
89.4%
Clue 3-Letter Word % Correct
Consume foodEAT
88.1%
Geological time periodERA
87.7%
Industrious little insectANT
87.6%
Before, in poetryERE
86%
◉ Immortal, wise and fair being ◉
Legolas or Elrond, e.g.
◉ELF◉
85.8%
Flying mammalBAT
85.6%
Furry TV alienALF
84.7%
◉ Tree-like shepherd of the forest ◉
Treebeard or Quickbeam, e.g.
◉ENT◉
83.9%
PC spacebar flankerALT
83.1%
Type of deerELK
82%
Sort or kindILK
80.2%
◉ Diminutive, hairy-footed humanoid (with last rung) ◉
Frodo or Sam, e.g.
◉HOB◉
79.4%
◉ Cruel and ugly humanoid creature ◉
Gorbag or Shagrat, e.g.
◉ORC◉
79.2%
◉ Diminutive, hairy-footed humanoid (with first rung) ◉
Frodo or Sam, e.g.
◉BIT◉
73.6%
Mouths or openings, anatomicallyORA
72.4%

Today's Daily Dose

Word Ladder
Lean on Me

Get the Picture
Superhero by Villain

You're not logged in!

Compare scores with friends on all Sporcle quizzes.
OR
Log In

Sporcle TV

Today on Sporcle TV


Watch our educational content, quiz creation guides, and fun videos on Sporcle TV.

Show Comments

Extras

Top Quizzes Today


Score Distribution

Your Account Isn't Verified!

In order to create a playlist on Sporcle, you need to verify the email address you used during registration. Go to your Sporcle Settings to finish the process.

Report this User

Report this user for behavior that violates our Community Guidelines.

Details: